00389 a2200145 4500003000400000005001700004008004100021020001800062040000900080082001800089100002400107245006300131260004000194300000900234OSt20231107144657.0231107b |||||||| |||| 00| 0 eng d a9788194716198 coclc a954.83bEER/M aEerattupetta, Jafar aMalu: Malabar Samarathinte Penkaruth /cJafar Eerattupetta aKerala:bYuvatha book house,c2021. a121p